[Event "Reykjavik op"]
[Site "Reykjavik"]
[Date "2025.04.14"]
[Round "8"]
[White "Burgalat, Eliot"]
[Black "Dushyant, Sharma"]
[Result "0-1"]
[WhiteElo "2119"]
[BlackElo "2313"]
[PlyCount "60"]
[EventDate "2025.04.09"]
[EventType "swiss"]
[EventRounds "9"]
[EventCountry "ISL"]
[SourceTitle "CB17_2025"]
[SourceDate "2025.04.23"]
[SourceVersion "1"]
[SourceVersionDate "2025.04.23"]
[SourceQuality "1"]

1. d4 d5 2. c4 e6 3. Nc3 a6 4. Nf3 dxc4 5. a4 Bb4 6. e3 Qd5 7. Bd2 Bxc3 8. Bxc3 b5 9. axb5 axb5 10. Rxa8 Qxa8 11. b3 Qa3 12. d5 Nf6 13. Bxf6 gxf6 14. bxc4 b4 15. Bd3 Na6 16. 0-0 e5 17. Nh4 b3 18. Bf5 Bxf5 19. Nxf5 b2 20. d6 Kd7 21. Qd5 cxd6 22. Qxf7+ Kc6 23. Qd5+ Kc7 24. Rd1 Rd8 25. Ng7 Nc5 26. Nf5 Qb3 27. Rb1 Qc2 28. Qd1 Qxd1+ 29. Rxd1 Ra8 30. Nxd6 Ra1 0-1

[Event "Reykjavik op"]
[Site "Reykjavik"]
[Date "2025.04.10"]
[Round "2"]
[White "Safarli, Eltaj"]
[Black "Dushyant, Sharma"]
[Result "1/2-1/2"]
[WhiteElo "2617"]
[BlackElo "2313"]
[PlyCount "95"]
[EventDate "2025.04.09"]
[EventType "swiss"]
[EventRounds "9"]
[EventCountry "ISL"]
[SourceTitle "CB17_2025"]
[SourceDate "2025.04.23"]
[SourceVersion "1"]
[SourceVersionDate "2025.04.23"]
[SourceQuality "1"]

1. e4 e5 2. Nf3 Nc6 3. Bb5 a6 4. Ba4 Nf6 5. d3 b5 6. Bb3 Bc5 7. Nc3 d6 8. Nd5 h6 9. c3 Be6 10. Nxf6+ Qxf6 11. 0-0 0-0 12. Bxe6 fxe6 13. b4 Bb6 14. Be3 d5 15. Qe2 Ne7 16. a4 Ng6 17. axb5 axb5 18. Rxa8 Rxa8 19. Bxb6 cxb6 20. Qe3 Ra3 21. Rc1 d4 22. cxd4 exd4 23. Qxd4 Nf4 24. Rc8+ Kh7 25. Qxf6 gxf6 26. h4 Rxd3 27. e5 fxe5 28. Nxe5 Rd4 29. Rc7+ Kg8 30. g3 Nd5 31. Rb7 Rxb4 32. h5 Re4 33. Nd7 b4 34. Nxb6 Nxb6 35. Rxb6 Kf7 36. Kg2 Re5 37. g4 Re4 38. Kg3 Kf6 39. Rb5 Rc4 40. f3 Rd4 41. Rb7 Rc4 42. Rh7 b3 43. Rxh6+ Ke5 44. Rg6 Kd6 45. Rg8 Kc7 46. h6 b2 47. h7 b1Q 48. h8Q 1/2-1/2

[Event "Titled Tuesday intern op 11th Mar Early"]
[Site "Chess.com INT"]
[Date "2025.03.11"]
[Round "3"]
[White "Fronda Pascua, Jan Jodilyn"]
[Black "Dushyant, Sharma"]
[Result "0-1"]
[WhiteElo "2120"]
[BlackElo "2313"]
[PlyCount "30"]
[EventDate "2025.03.11"]
[EventType "swiss (blitz)"]
[EventRounds "11"]
[EventCountry "USA"]
[SourceTitle "CB12_2025"]
[SourceDate "2025.03.19"]
[SourceVersion "1"]
[SourceVersionDate "2025.03.19"]
[SourceQuality "1"]

1. e4 d5 2. exd5 Nf6 3. d4 Bg4 4. Be2 Bxe2 5. Nxe2 Qxd5 6. 0-0 Nc6 7. c3 0-0-0 8. Nf4 Qf5 9. Qf3 e5 10. dxe5 Nxe5 11. Qh3 Neg4 12. Na3 Bc5 13. Nc4 g5 14. Ne2 Qxf2+ 15. Rxf2 Rd1# 0-1

[Event "Titled Tuesday intern op 04th Mar Early"]
[Site "Chess.com INT"]
[Date "2025.03.04"]
[Round "7"]
[White "Przybylski, Wojciech"]
[Black "Dushyant, Sharma"]
[Result "1-0"]
[WhiteElo "2335"]
[BlackElo "2313"]
[PlyCount "147"]
[EventDate "2025.03.04"]
[EventType "swiss (blitz)"]
[EventRounds "11"]
[EventCountry "USA"]
[SourceTitle "CB11_2025"]
[SourceDate "2025.03.12"]
[SourceVersion "1"]
[SourceVersionDate "2025.03.12"]
[SourceQuality "1"]

1. e4 d5 2. exd5 Nf6 3. Nc3 Nxd5 4. g3 c6 5. Bg2 Nxc3 6. bxc3 Bf5 7. Nf3 e6 8. 0-0 Be7 9. d3 0-0 10. Rb1 Qc8 11. Re1 Nd7 12. Qe2 Bg6 13. Bf4 Bf6 14. Qd2 Nb6 15. c4 Rd8 16. Qa5 h6 17. Ne5 Bf5 18. h3 h5 19. Nf3 Nd7 20. Qb4 b6 21. Ne5 Nxe5 22. Bxe5 Bxe5 23. Rxe5 Qc7 24. Rbe1 Rac8 25. c5 Qb7 26. Rb1 Qa6 27. a4 bxc5 28. Rxc5 Kh7 29. Qc4 Qxc4 30. Rxc4 c5 31. Rb5 Rd4 32. Rcxc5 Rxc5 33. Rxc5 Rxa4 34. Rc7 f6 35. Bf3 Kh6 36. Kg2 a5 37. Ra7 Ra2 38. Bd1 a4 39. g4 hxg4 40. hxg4 Bg6 41. Kf3 a3 42. Ke3 Ra1 43. Kd2 a2 44. f4 e5 45. f5 Bf7 46. c4 e4 47. Bb3 exd3 48. Rxa2 Rg1 49. Kxd3 Rg3+ 50. Kc2 Rxg4 51. Kc3 Kg5 52. Rf2 Be8 53. c5 Bd7 54. Bc2 Bb5 55. Rf3 Rc4+ 56. Kb2 Rxc5 57. Rg3+ Kh6 58. Rh3+ Kg5 59. Rg3+ Kf4 60. Rxg7 Bc6 61. Rf7 Ke5 62. Re7+ Kf4 63. Re6 Kg5 64. Rd6 Bb7 65. Rd1 Bc8 66. Rg1+ Kf4 67. Rf1+ Ke3 68. Re1+ Kf2 69. Re8 Bxf5 70. Bb3 Kf3 71. Rf8 Rc6 72. Bd5+ Be4 73. Bxc6 Ke3 74. Bxe4 1-0

[Event "Titled Tuesday intern op 25th Feb Early"]
[Site "Chess.com INT"]
[Date "2025.02.25"]
[Round "1"]
[White "Dushyant, Sharma"]
[Black "Nikulina, Alena"]
[Result "1-0"]
[WhiteElo "2313"]
[BlackElo "1875"]
[PlyCount "57"]
[EventDate "2025.02.25"]
[EventType "swiss (blitz)"]
[EventRounds "11"]
[EventCountry "USA"]
[SourceTitle "CB10_2025"]
[SourceDate "2025.03.05"]
[SourceVersion "1"]
[SourceVersionDate "2025.03.05"]
[SourceQuality "1"]

1. e4 c5 2. Nf3 e6 3. d4 cxd4 4. Nxd4 Nf6 5. Nc3 Nc6 6. f4 Bb4 7. Nxc6 bxc6 8. Bd3 d5 9. e5 Nd7 10. 0-0 Nc5 11. Kh1 Nxd3 12. cxd3 Be7 13. d4 0-0 14. Be3 f6 15. Qh5 g6 16. Qh3 f5 17. Rac1 Ba6 18. Rg1 Rb8 19. b3 Bd3 20. Bd2 Be4 21. Nxe4 fxe4 22. Qxe6+ Kh8 23. Rxc6 Rb6 24. Rgc1 Rxc6 25. Rxc6 Ba3 26. h3 Qh4 27. Rc7 Qf2 28. Qd7 Qh4 29. Qg7# 1-0

[Event "Titled Tuesday intern op 25th Feb Early"]
[Site "Chess.com INT"]
[Date "2025.02.25"]
[Round "9"]
[White "Godoy, Carlos"]
[Black "Dushyant, Sharma"]
[Result "0-1"]
[WhiteElo "2142"]
[BlackElo "2313"]
[PlyCount "114"]
[EventDate "2025.02.25"]
[EventType "swiss (blitz)"]
[EventRounds "11"]
[EventCountry "USA"]
[SourceTitle "CB10_2025"]
[SourceDate "2025.03.05"]
[SourceVersion "1"]
[SourceVersionDate "2025.03.05"]
[SourceQuality "1"]

1. e4 d5 2. exd5 Nf6 3. Bb5+ c6 4. dxc6 Nxc6 5. Nf3 Bg4 6. h3 Bh5 7. d3 e6 8. 0-0 Be7 9. Nc3 0-0 10. Bf4 Nd4 11. g4 Nxg4 12. Nxd4 Nf6 13. Nde2 Nd5 14. Bg3 Nxc3 15. bxc3 Qd5 16. Bc4 Qf3 17. Qd2 Qxe2 18. Qxe2 Bxe2 19. Rfe1 Bf3 20. Rab1 Bc6 21. d4 Rac8 22. d5 Be8 23. Bb3 Bf6 24. dxe6 Kh8 25. e7 Rg8 26. Re3 Bxc3 27. Rd1 Bf6 28. Bd6 h6 29. Bd5 Kh7 30. Bxb7 Rc4 31. Be4+ g6 32. Ba3 Kg7 33. Bd5 Rc7 34. Bd6 Rxc2 35. Bb3 Rc6 36. Be5 Bxe5 37. Rxe5 Kf6 38. Re3 Rb6 39. Rd8 Rb7 40. Ba4 Rxe7 41. Rxe8 Rgxe8 42. Bxe8 Rc7 43. a4 Rc1+ 44. Kh2 Rc7 45. Bb5 Kg5 46. Kg3 f5 47. h4+ Kf6 48. a5 Rc5 49. Rb3 g5 50. hxg5+ hxg5 51. Be2 g4 52. a6 Kg5 53. Rb4 f4+ 54. Rxf4 Rc3+ 55. f3 gxf3 56. Rxf3 Rc7 57. Rb3 Re7 0-1

[Event "Titled Tuesday intern op 11th Feb Early"]
[Site "Chess.com INT"]
[Date "2025.02.11"]
[Round "2"]
[White "Marcziter, Dmitrii"]
[Black "Dushyant, Sharma"]
[Result "1-0"]
[WhiteElo "2223"]
[BlackElo "2313"]
[PlyCount "83"]
[EventDate "2025.02.11"]
[EventType "swiss (blitz)"]
[EventRounds "11"]
[EventCountry "USA"]
[SourceTitle "CB09_2025"]
[SourceDate "2025.02.27"]
[SourceVersion "1"]
[SourceVersionDate "2025.02.27"]
[SourceQuality "1"]

1. e4 d5 2. exd5 Nf6 3. d4 Bg4 4. Nf3 Qxd5 5. Be2 Nc6 6. Nc3 Qf5 7. h3 Bxf3 8. Bxf3 0-0-0 9. Bxc6 bxc6 10. 0-0 e5 11. Ne2 c5 12. c3 exd4 13. cxd4 Bd6 14. Qa4 Qe4 15. Be3 Rhe8 16. Qxa7 Nd5 17. Nc3 Nxc3 18. bxc3 Kd7 19. Qa4+ Ke7 20. Rfe1 Kf8 21. Rad1 Re6 22. f3 Qh4 23. Bf2 Qf4 24. Rxe6 fxe6 25. Qc2 cxd4 26. Rxd4 Qh2+ 27. Kf1 Qh1+ 28. Bg1 Rb8 29. Qxh7 Rb2 30. Qh8+ Kf7 31. Qh5+ Ke7 32. Qg5+ Kd7 33. Qxg7+ Kc8 34. Qg8+ Kb7 35. Ra4 Rb1+ 36. Ke2 Qxg1 37. Qa8+ Kb6 38. Qa6+ Kc5 39. Qc4+ Kb6 40. Ra6+ Kb7 41. Qc6+ Kb8 42. Ra8# 1-0

[Event "Titled Tuesday intern op 04th Feb Early"]
[Site "Chess.com INT"]
[Date "2025.02.04"]
[Round "10"]
[White "Shubenkova, Veronika"]
[Black "Dushyant, Sharma"]
[Result "0-1"]
[WhiteElo "2024"]
[BlackElo "2313"]
[PlyCount "78"]
[EventDate "2025.02.04"]
[EventType "swiss (blitz)"]
[EventRounds "11"]
[EventCountry "USA"]
[SourceTitle "CB07_2025"]
[SourceDate "2025.02.12"]
[SourceVersion "1"]
[SourceVersionDate "2025.02.12"]
[SourceQuality "1"]

1. d4 d5 2. e3 e6 3. f4 f5 4. Nf3 Nf6 5. Ne5 Bd6 6. Bd3 0-0 7. 0-0 c5 8. c3 Nc6 9. Nd2 Ne4 10. Rf3 Qf6 11. Rh3 c4 12. Bc2 Bc7 13. Ndf3 Nxe5 14. dxe5 Qg6 15. Bd2 b5 16. Be1 a5 17. a3 Bd7 18. Bh4 b4 19. axb4 axb4 20. Be7 bxc3 21. Bxf8 Rxf8 22. Bxe4 cxb2 23. Ra7 dxe4 24. Rxc7 exf3 25. Rxf3 Ba4 26. Qb1 Bb3 27. Qxb2 Rd8 28. Rf1 h6 29. Qc3 Rd3 30. Qa5 Kh7 31. Re1 Qg4 32. Ra7 c3 33. Qc7 Bd5 34. g3 Rd2 35. e4 Bxe4 36. Qe7 Rg2+ 37. Kh1 Re2+ 38. Kg1 Rxe1+ 39. Kf2 Qe2# 0-1

[Event "Titled Tuesday intern op 04th Feb Early"]
[Site "Chess.com INT"]
[Date "2025.02.04"]
[Round "1"]
[White "Wyss, Jonas"]
[Black "Dushyant, Sharma"]
[Result "1-0"]
[WhiteElo "2274"]
[BlackElo "2313"]
[PlyCount "69"]
[EventDate "2025.02.04"]
[EventType "swiss (blitz)"]
[EventRounds "11"]
[EventCountry "USA"]
[SourceTitle "CB07_2025"]
[SourceDate "2025.02.12"]
[SourceVersion "1"]
[SourceVersionDate "2025.02.12"]
[SourceQuality "1"]

1. e4 d5 2. exd5 Nf6 3. Bb5+ c6 4. dxc6 Nxc6 5. Nf3 Bg4 6. 0-0 e6 7. d4 Be7 8. Be3 0-0 9. Nbd2 Qb6 10. Bxc6 Qxc6 11. c3 Qc7 12. Qb3 b5 13. Ne5 Bf5 14. Ndf3 b4 15. cxb4 Nd5 16. Rac1 Qb7 17. a3 Rfc8 18. Rxc8+ Rxc8 19. Rc1 f6 20. Rxc8+ Qxc8 21. Nc4 h5 22. h3 g5 23. Na5 g4 24. hxg4 hxg4 25. Nh4 Be4 26. Qc4 Qe8 27. Qc6 Qh5 28. Qxe6+ Kf8 29. Qxe4 Nxe3 30. Ng6+ Kf7 31. Qxe7+ Kxg6 32. Qe8+ Kg5 33. Qxe3+ Kf5 34. Nc6 Qf7 35. Ne7+ 1-0

[Event "Titled Tuesday intern op 28th Jan Early"]
[Site "Chess.com INT"]
[Date "2025.01.28"]
[Round "5"]
[White "Dushyant, Sharma"]
[Black "Veloso, Henrique Barbosa"]
[Result "1-0"]
[WhiteElo "2313"]
[BlackElo "2221"]
[PlyCount "63"]
[EventDate "2025.01.28"]
[EventType "swiss (blitz)"]
[EventRounds "11"]
[EventCountry "USA"]
[SourceTitle "CB06_2025"]
[SourceDate "2025.02.05"]
[SourceVersion "1"]
[SourceVersionDate "2025.02.05"]
[SourceQuality "1"]

1. e4 e5 2. Nf3 Nc6 3. Nc3 Nf6 4. Bb5 Bc5 5. Nxe5 Nxe5 6. d4 Bxd4 7. Qxd4 Nc6 8. Bxc6 bxc6 9. Bg5 h6 10. Bxf6 Qxf6 11. Qxf6 gxf6 12. 0-0-0 Ke7 13. f4 Rg8 14. g3 d6 15. Rhe1 h5 16. Rd3 Ba6 17. Rde3 h4 18. e5 fxe5 19. fxe5 d5 20. e6 f6 21. Na4 hxg3 22. hxg3 Rg5 23. Nc5 Bc8 24. c3 Rb8 25. Rh1 Rg7 26. Rh8 a5 27. a3 Kd6 28. b4 axb4 29. axb4 Ra8 30. e7 Rxe7 31. Rd8+ Rd7 32. Re6# 1-0

[Event "Titled Tuesday intern op 14th Jan Early"]
[Site "Chess.com INT"]
[Date "2025.01.14"]
[Round "6"]
[White "Rojas Alarcon, Julian Antonio"]
[Black "Dushyant, Sharma"]
[Result "1-0"]
[WhiteElo "2365"]
[BlackElo "2313"]
[PlyCount "73"]
[EventDate "2025.01.14"]
[EventType "swiss (blitz)"]
[EventRounds "11"]
[EventCountry "USA"]
[SourceTitle "CB04_2025"]
[SourceDate "2025.01.22"]
[SourceVersion "1"]
[SourceVersionDate "2025.01.22"]
[SourceQuality "1"]

1. c4 e6 2. d4 d5 3. Nf3 Nf6 4. Nc3 Be7 5. Bf4 0-0 6. e3 b6 7. Rc1 Bb7 8. cxd5 exd5 9. Bd3 c5 10. 0-0 Nbd7 11. Ne5 g6 12. Qa4 a6 13. Nc6 Qe8 14. Nxe7+ Qxe7 15. dxc5 Nxc5 16. Qa3 Nh5 17. Bh6 Rfd8 18. Be2 Qh4 19. Bf3 g5 20. g3 Nxg3 21. hxg3 Qxh6 22. Rcd1 Qe6 23. Ne2 Rac8 24. Nd4 Qe5 25. Kg2 f5 26. Rh1 Ne4 27. Rh5 Qg7 28. Qb4 Nf6 29. Nxf5 Qd7 30. Rxg5+ Kh8 31. Qd4 Rf8 32. Rh1 Rc4 33. Qe5 d4 34. e4 d3 35. Rh6 Bxe4 36. Bxe4 Rxe4 37. Rxf6 1-0

[Event "Titled Tuesday intern op 14th Jan Early"]
[Site "Chess.com INT"]
[Date "2025.01.14"]
[Round "9"]
[White "Yuan, Qingyu"]
[Black "Dushyant, Sharma"]
[Result "1-0"]
[WhiteElo "2341"]
[BlackElo "2313"]
[PlyCount "57"]
[EventDate "2025.01.14"]
[EventType "swiss (blitz)"]
[EventRounds "11"]
[EventCountry "USA"]
[SourceTitle "CB04_2025"]
[SourceDate "2025.01.22"]
[SourceVersion "1"]
[SourceVersionDate "2025.01.22"]
[SourceQuality "1"]

1. c4 e6 2. Nf3 d5 3. d4 Nf6 4. Nc3 Be7 5. Bf4 0-0 6. e3 b6 7. Be2 Bb7 8. 0-0 Nbd7 9. Rc1 a6 10. h3 c5 11. dxc5 Nxc5 12. Qc2 Rc8 13. Rfd1 Qe8 14. Ne5 dxc4 15. Nxc4 Nd5 16. Nd6 Bxd6 17. Bxd6 Ne7 18. Qb1 Rd8 19. b4 Nd7 20. Bd3 Nf6 21. Bc2 Rd7 22. Ba4 b5 23. Nxb5 axb5 24. Bxb5 Nfd5 25. e4 Qd8 26. Bxd7 Qxd7 27. Bc5 Rc8 28. Bxe7 Rxc1 29. Qxc1 1-0

[Event "Titled Tuesday intern op 07th Jan Early"]
[Site "Chess.com INT"]
[Date "2025.01.07"]
[Round "9"]
[White "Novozhilov, Semen"]
[Black "Dushyant, Sharma"]
[Result "1-0"]
[WhiteElo "2344"]
[BlackElo "2313"]
[PlyCount "69"]
[EventDate "2025.01.07"]
[EventType "swiss (blitz)"]
[EventRounds "11"]
[EventCountry "USA"]
[SourceTitle "CB03_2025"]
[SourceDate "2025.01.15"]
[SourceVersion "1"]
[SourceVersionDate "2025.01.15"]
[SourceQuality "1"]

1. d4 d5 2. c4 e6 3. Nf3 Nf6 4. g3 Be7 5. Bg2 0-0 6. 0-0 dxc4 7. Qc2 c5 8. Rd1 Nc6 9. dxc5 Nb4 10. Qa4 Nfd5 11. Ne5 Bxc5 12. Na3 a6 13. e4 Qc7 14. exd5 Qxe5 15. Nxc4 Qe2 16. Ne3 exd5 17. Bf1 Qh5 18. Bd2 d4 19. Ng2 Nc6 20. Rac1 Ba7 21. Nf4 Qf5 22. Bd3 Qf6 23. Re1 Bg4 24. h3 Bf3 25. Qb3 Rab8 26. Bxh7+ Kxh7 27. Qxf3 Rfe8 28. Qh5+ Kg8 29. Nd3 g6 30. Qg4 Ne5 31. Nxe5 Rxe5 32. Rxe5 Qxe5 33. Bf4 Qd5 34. Bxb8 Bxb8 35. Qc8+ 1-0

[Event "Titled Tuesday intern op 24th Sep Early"]
[Site "Chess.com INT"]
[Date "2024.09.24"]
[Round "3"]
[White "Dushyant, Sharma"]
[Black "Molina, Roberto Junio Brito"]
[Result "0-1"]
[WhiteElo "2325"]
[BlackElo "2378"]
[PlyCount "80"]
[EventDate "2024.09.24"]
[EventType "swiss (blitz)"]
[EventRounds "11"]
[EventCountry "USA"]
[SourceTitle "EXT 2025"]
[Source "ChessBase"]
[SourceDate "2024.10.14"]
[SourceVersion "1"]
[SourceVersionDate "2024.10.14"]
[SourceQuality "1"]

1. e4 c6 2. d4 d5 3. exd5 cxd5 4. Bd3 Nc6 5. c3 Qc7 6. h3 g6 7. Nf3 Bf5 8. Bxf5 gxf5 9. 0-0 e6 10. Re1 Nf6 11. Ne5 Bd6 12. Bf4 Bxe5 13. Bxe5 Nxe5 14. Rxe5 0-0-0 15. Nd2 Kb8 16. a4 Rhg8 17. Qf3 Ne4 18. Nxe4 fxe4 19. Qe3 Rg6 20. a5 Rdg8 21. g3 a6 22. Kh2 f5 23. b4 h5 24. Rg1 Rc8 25. Rc1 Qc4 26. h4 Ka8 27. Kh3 Rc6 28. f3 exf3 29. Qxf3 Rg4 30. Re3 Qa2 31. Rce1 Re4 32. R1e2 Qb1 33. Rxe4 dxe4 34. Qxh5 Qh1+ 35. Rh2 Qf1+ 36. Rg2 Rxc3 37. Qe8+ Ka7 38. Qxe6 Qh1+ 39. Rh2 Rxg3+ 40. Kxg3 Qf3# 0-1

[Event "Titled Tuesday intern op 24th Sep Late"]
[Site "Chess.com INT"]
[Date "2024.09.24"]
[Round "3"]
[White "Dushyant, Sharma"]
[Black "Sjugirov, Sanan"]
[Result "0-1"]
[WhiteElo "2325"]
[BlackElo "2644"]
[PlyCount "36"]
[EventDate "2024.09.24"]
[EventType "swiss (blitz)"]
[EventRounds "11"]
[EventCountry "USA"]
[SourceTitle "EXT 2025"]
[Source "ChessBase"]
[SourceDate "2024.10.14"]
[SourceVersion "1"]
[SourceVersionDate "2024.10.14"]
[SourceQuality "1"]

1. e4 c5 2. Nf3 Nc6 3. d4 cxd4 4. Nxd4 Nf6 5. Nc3 d6 6. f4 Bd7 7. Nf3 e6 8. Bd3 a6 9. 0-0 Qc7 10. Kh1 Be7 11. Qe1 b5 12. a3 0-0 13. Bd2 b4 14. axb4 Nxb4 15. Qg3 Nxd3 16. cxd3 g6 17. Ne2 Qc2 18. Nfd4 Qxd2 0-1

[Event "Titled Tuesday intern op 24th Sep Late"]
[Site "Chess.com INT"]
[Date "2024.09.24"]
[Round "11"]
[White "Estrada Nieto, Julian"]
[Black "Dushyant, Sharma"]
[Result "1-0"]
[WhiteElo "2204"]
[BlackElo "2325"]
[PlyCount "61"]
[EventDate "2024.09.24"]
[EventType "swiss (blitz)"]
[EventRounds "11"]
[EventCountry "USA"]
[SourceTitle "EXT 2025"]
[Source "ChessBase"]
[SourceDate "2024.10.14"]
[SourceVersion "1"]
[SourceVersionDate "2024.10.14"]
[SourceQuality "1"]

1. e4 d5 2. exd5 Nf6 3. d4 Bg4 4. Be2 Bxe2 5. Qxe2 Qxd5 6. Nf3 Nc6 7. Be3 0-0-0 8. c4 Qf5 9. Nc3 e6 10. 0-0 Bd6 11. Rfd1 g5 12. c5 Bf4 13. b4 h5 14. b5 Ne7 15. Bxf4 gxf4 16. Ne5 Rhg8 17. b6 a6 18. bxc7 Rd5 19. c6 b5 20. a4 Qh3 21. Qf3 Qxf3 22. Nxf3 b4 23. Nxd5 Nfxd5 24. a5 Kxc7 25. Ne5 f6 26. Nd3 Nxc6 27. Nc5 Kd6 28. Nxa6 Ra8 29. Nc5 Nxd4 30. Nb7+ Kc7 31. a6 1-0